00528nam a2200145 a 450000100100000000500170001000800410002704000250006808200150009324500750010826000410018330000280022495201130025299900170036500002709420200930030610.0110329s1993 ve a 000 0 spa d aDO-SdBNPbspacBNPHU axxxxbM59300aMetodología de transferencia tecnológica en el cultivo del maíz. aCaracas :bFundación Polar,c1993. a265 p. :bil. ;c28 cm. 001050718MOaPDbPDcCTd2011-03-29iLF1l0oxxxx M593p27094-10r2020-06-25w2020-06-25y1ZNo se presta c26586d26586